|
|
|
|
| LEADER |
00977nam a2200217 a 4500 |
| 001 |
GR-MES1087 |
| 008 |
991111s1997 enkab b 001 0 eng|c |
| 020 |
|
|
|a 0631201165
|
| 040 |
|
|
|a GrPaTEI
|b gre
|c GR-PaULI
|
| 245 |
0 |
0 |
|a Environmental management :
|b readings and case studies /
|c edited by Lewis Owen, Tim Unwin.
|
| 260 |
|
|
|a Oxford :
|b Blackwell,
|c 1997.
|
| 300 |
|
|
|a xii, 492 σ. :
|b εικ., χάρτες ;
|c 26 εκ.
|
| 490 |
0 |
|
|a Blackwell readers on the natural environment
|
| 504 |
|
|
|a Περιλαμβάνει βιβλιογραφικές παραπομπές και ευρετήριο.
|
| 650 |
|
0 |
|a Environmental management.
|
| 700 |
1 |
|
|a Owen, Lewis A.,
|d 1964-
|
| 700 |
1 |
|
|a Unwin, P. T. H.
|
| 942 |
|
|
|2 ddc
|
| 952 |
|
|
|0 0
|1 0
|2 ddc
|4 0
|6 363_705000000000000_OWE
|7 0
|9 264949
|a MSLG
|b MSLG
|c BSC
|d 2021-01-17
|e 24
|f 0
|g 0.00
|l 0
|o 363.705 OWE
|p 2420000010736
|r 2021-01-17 00:00:00
|t 1
|w 2021-01-17
|y BK15
|x 19991111 0 1
|x GrPaTEI
|
| 971 |
|
|
|a .b2572129x
|b 15-04-20
|c 13-09-16
|
| 999 |
|
|
|c 152365
|d 152365
|